Responsabilidade civil e direito de faml̕ia

Detalles Bibliográficos
Autor principal: Brochado Teixeira, Ana Carolina
Otros Autores: Rosenvald, Nelson, Vilela Multedo, Renata
Formato: eBook
Lenguaje:portugués
Publicado: Indaiatuba: Editora Foco, 2021
Materias:
Acceso en línea:Acceso restringido

MARC

LEADER 00000nam a22000007a 4500
005 20220503233237.0
007 cr|||| ||||
008 220503s2021 br |||||s|||| 00||0 por d
020 |a 978-65-5515-313-2 
035 |a 36255 
040 |a vLex 
090 |c 13265  |d 13265 
100 1 |a Brochado Teixeira, Ana Carolina 
245 1 0 |a Responsabilidade civil e direito de faml̕ia  |h [Recurso electrn̤ico] /  |c Ana Carolina Brochado Teixeira, Nelson Rosenvald, Renata Vilela Multedo 
256 |a Servicio en ln̕ea 
260 |a Indaiatuba:  |b Editora Foco,  |c 2021 
300 |a 1 recurso electrn̤ico 
506 1 |a Disponible solo en los productos indicados  |d vLex Global  |d vLex Global (Academic Edition, excluding Law Schools)  |d vLex Global (U.S. Academic Edition, Law Schools)  |d vLex Global (U.S. Academic Edition, excluding Law Schools)  |d vLex Global (Academic Edition, Law Schools) 
650 0 4 |a Derecho Civil  |z Brasil 
700 1 |a Rosenvald, Nelson 
700 1 |a Vilela Multedo, Renata 
740 0 |a vLex Libros (Servicio en ln̕ea) 
856 4 0 |u https://app.vlex.com/#/sources/36255  |z Acceso restringido 
942 |c BOOK 
999 0 |a Civil Law